| 000 | 00478nam a2200181 a 4500 | ||
|---|---|---|---|
| 003 | AR-BaBNM | ||
| 005 | 20251128203403.0 | ||
| 008 | 082120s2002 ||||||||||||||000 | spa|| | ||
| 040 | _cAR-BaBNM | ||
| 100 | 1 | _aReyes Testa, Benito | |
| 245 | 0 | 0 | _aTaboga en el descubrimiento y conquista del Perú |
| 260 |
_aPanamá _b[s.n.] _c1947 |
||
| 300 |
_a119 p. _bil., láms. |
||
| 500 | _aCarece de datos de edición. | ||
| 650 | 4 | _aGEOGRAFIA FISICA | |
| 942 | _cBK | ||
| 998 | _cmariana | ||
| 999 |
_c3155 _d3155 |
||